[Event "Skovlunde Pinse Basis 4"]
[Site "Skovlunde"]
[Date "2000.06.10"]
[Round "1"]
[White "Skovgaard, Peter Nicolai"]
[Black "Rasmussen, Dennis"]
[Result "1-0"]
[WhiteElo "1181"]
[BlackElo "1000"]
[PlyCount "93"]
[EventDate "2000.06.10"]
[EventType "swiss"]
[EventRounds "5"]
[EventCountry "DEN"]
[SourceTitle "EXT 2025"]
[Source "ChessBase"]
[SourceDate "2024.10.14"]
[SourceVersion "1"]
[SourceVersionDate "2024.10.14"]
[SourceQuality "1"]

1. d4 d5 2. c4 c6 3. Nc3 Nf6 4. Nf3 Ne4 5. Nxe4 dxe4 6. Ng5 Bf5 7. f3 exf3 8. Nxf3 e6 9. e3 Bg4 10. Be2 Qa5+ 11. Nd2 f5 12. Bxg4 fxg4 13. Qxg4 Qf5 14. Qxf5 exf5 15. 0-0 g6 16. b3 Bg7 17. Re1 0-0 18. Nf3 Re8 19. Ba3 b6 20. Rad1 Nd7 21. d5 Bc3 22. Re2 c5 23. Ng5 Bd4 24. Ne6 Be5 25. Bb2 Rac8 26. Bxe5 Nxe5 27. e4 f4 28. Nxf4 Rcd8 29. Nd3 Nxd3 30. Rxd3 Re5 31. Kf2 Rf8+ 32. Rf3 Rh5 33. Rxf8+ Kxf8 34. h3 g5 35. Kg3 Rh4 36. e5 Rd4 37. Rf2+ Kg7 38. e6 h5 39. e7 Re4 40. d6 Re3+ 41. Rf3 h4+ 42. Kf2 Rxf3+ 43. Kxf3 Kf7 44. Kg4 Ke8 45. Kxg5 Kd7 46. Kxh4 a5 47. g4 1-0